[Event "CZE-chT2C 1920"]
[Site "Czech Republic"]
[Date "2020.02.09"]
[Round "8.7"]
[White "Bargel, Martin"]
[Black "Lajbl, Jan"]
[Result "0-1"]
[WhiteElo "2034"]
[BlackElo "1909"]
[PlyCount "66"]
[EventDate "2019.10.13"]
[EventType "team-tourn"]
[EventRounds "11"]
[EventCountry "CZE"]
[SourceTitle "EXT 2024"]
[Source "ChessBase"]
[SourceDate "2023.10.10"]
[SourceVersion "1"]
[SourceVersionDate "2023.10.10"]
[SourceQuality "1"]
[WhiteTeam "Neratovice II"]
[BlackTeam "Jicin"]
[WhiteTeamCountry "CZE"]
[BlackTeamCountry "CZE"]

1. e4 e6 2. d4 d5 3. e5 c5 4. c3 Qb6 5. Nf3 Nc6 6. a3 f6 7. b4 fxe5 8. dxc5 Qc7 9. Bb5 g6 10. h4 Nf6 11. Qe2 e4 12. Ng5 Bg7 13. Nh3 Bd7 14. Bf4 e5 15. Bg5 a6 16. Ba4 Nh5 17. Bb3 Be6 18. Qa2 Qf7 19. Nd2 Nf4 20. Bxf4 exf4 21. Ng5 Qd7 22. 0-0-0 e3 23. Nde4 0-0-0 24. fxe3 fxe3 25. Rhe1 Kb8 26. Rxe3 Bg8 27. Nd6 d4 28. Re4 dxc3 29. Ngf7 Nd4 30. Bd5 Bxf7 31. Nxf7 Qxd5 32. Qxd5 Rxd5 33. Rexd4 Rxd4 0-1

[Event "CZE-chT2C 1920"]
[Site "Czech Republic"]
[Date "2020.01.12"]
[Round "6.7"]
[White "Bargel, Martin"]
[Black "Finek, Vaclav"]
[Result "0-1"]
[WhiteElo "2034"]
[BlackElo "2072"]
[PlyCount "96"]
[EventDate "2019.10.13"]
[EventType "team-tourn"]
[EventRounds "11"]
[EventCountry "CZE"]
[SourceTitle "EXT 2024"]
[Source "ChessBase"]
[SourceDate "2023.10.10"]
[SourceVersion "1"]
[SourceVersionDate "2023.10.10"]
[SourceQuality "1"]
[WhiteTeam "Neratovice II"]
[BlackTeam "Liberec Desko"]
[WhiteTeamCountry "CZE"]
[BlackTeamCountry "CZE"]

1. e4 c5 2. Nf3 Nc6 3. d4 cxd4 4. Nxd4 g6 5. c4 Bg7 6. Nb5 Nf6 7. N1c3 0-0 8. Be2 d6 9. 0-0 Be6 10. Re1 Rc8 11. Na3 Nd7 12. Nd5 Nc5 13. Bf1 Bxd5 14. exd5 Ne5 15. Be3 f5 16. f4 Ng4 17. Bd4 Nf6 18. Nb5 a6 19. Nc3 Rf7 20. b4 Ncd7 21. a4 a5 22. bxa5 Qxa5 23. Rb1 Nc5 24. Rb5 Qc7 25. g3 Nfd7 26. Bxg7 Rxg7 27. Qd4 Rf8 28. Rb2 Rff7 29. Rb5 h6 30. Bg2 Nf6 31. Rb4 g5 32. Ne2 Nd3 33. Qxd3 Qc5+ 34. Nd4 Qxb4 35. Rb1 Qc5 36. Kh1 Ng4 37. Rf1 gxf4 38. gxf4 h5 39. h3 Nh6 40. Ne6 Qb6 41. Nxg7 Rxg7 42. Qe2 Kh7 43. Qxh5 Qb3 44. Qe2 Qxa4 45. Re1 Qb3 46. Bf3 Qb6 47. Qe3 Qb4 48. Be2 Qxe1+ 0-1

[Event "CZE-chT2B 1718"]
[Site "Czech Republic"]
[Date "2018.01.28"]
[Round "7.4"]
[White "Lochman, Vaclav"]
[Black "Bargel, Martin"]
[Result "1-0"]
[WhiteElo "1983"]
[BlackElo "2178"]
[PlyCount "79"]
[EventDate "2017.10.15"]
[EventType "team-tourn"]
[EventRounds "11"]
[EventCountry "CZE"]
[SourceTitle "EXT 2022"]
[Source "ChessBase"]
[SourceDate "2021.10.06"]
[SourceVersion "1"]
[SourceVersionDate "2021.10.06"]
[SourceQuality "1"]
[WhiteTeam "Mlada Boleslav"]
[BlackTeam "Neratovice III"]
[WhiteTeamCountry "CZE"]
[BlackTeamCountry "CZE"]

1. e4 c5 2. Nf3 d6 3. d4 cxd4 4. Nxd4 Nf6 5. Nc3 g6 6. Be3 Bg7 7. f3 Nc6 8. Qd2 0-0 9. Bc4 Bd7 10. 0-0-0 Rc8 11. Bb3 Na5 12. Kb1 Re8 13. g4 Nxb3 14. cxb3 Qa5 15. h4 b5 16. h5 e5 17. Nc2 Rc6 18. hxg6 hxg6 19. Bh6 Bh8 20. Bg5 Bg7 21. b4 Qb6 22. Rh4 Be6 23. Rdh1 Kf8 24. Ne3 Qd4 25. Ned5 Qxd2 26. Bxd2 Bxd5 27. exd5 Rb6 28. Ne4 Nxd5 29. Ng5 f6 30. Ne4 Ne7 31. Be3 Ra6 32. Nc3 Rb8 33. Rd1 Kf7 34. Rh7 Kg8 35. Rhh1 Nc6 36. Nd5 Ra4 37. b3 Ra6 38. Rd2 Nd8 39. Rc1 Rc6 40. Ne7+ 1-0

[Event "CZE-chT1W 1718"]
[Site "Czech Republic"]
[Date "2017.12.10"]
[Round "4.5"]
[White "Bargel, Martin"]
[Black "Bazant, Petr Sr"]
[Result "0-1"]
[WhiteElo "2178"]
[BlackElo "2227"]
[PlyCount "38"]
[EventDate "2017.10.29"]
[EventType "team-tourn"]
[EventRounds "11"]
[EventCountry "CZE"]
[SourceTitle "EXT 2019"]
[Source "ChessBase"]
[SourceDate "2018.10.10"]
[SourceVersion "1"]
[SourceVersionDate "2018.10.10"]
[SourceQuality "1"]
[WhiteTeam "Neratovice II"]
[BlackTeam "Unichess"]
[WhiteTeamCountry "CZE"]
[BlackTeamCountry "CZE"]

1. e4 e5 2. Nf3 Nc6 3. Bb5 g6 4. d4 exd4 5. Nxd4 Bg7 6. Be3 Nf6 7. Nc3 0-0 8. Be2 Ne7 9. Qd3 d5 10. exd5 Nexd5 11. Bg5 Nb4 12. Qc4 Qxd4 13. Qxd4 Nxc2+ 14. Kd2 Nxd4 15. Bd3 Be6 16. Rad1 Ng4 17. Be3 Nxe3 18. fxe3 Nc6 19. a3 Ne5 0-1

[Event "Tatry op"]
[Site "Tatranska Lomnica"]
[Date "2017.10.11"]
[Round "5"]
[White "Bargel, Martin"]
[Black "Gawor, Jan Pawel"]
[Result "1/2-1/2"]
[WhiteElo "2180"]
[BlackElo "1856"]
[PlyCount "76"]
[EventDate "2017.10.08"]
[EventType "swiss"]
[EventRounds "9"]
[EventCountry "SVK"]
[SourceTitle "CBM 181 Extra"]
[Source "ChessBase"]
[SourceDate "2017.12.12"]
[SourceVersion "1"]
[SourceVersionDate "2017.12.12"]
[SourceQuality "1"]

1. e4 c5 2. Nf3 Nc6 3. d4 cxd4 4. Nxd4 Nf6 5. Nc3 e5 6. Ndb5 d6 7. Bg5 a6 8. Na3 b5 9. Bxf6 gxf6 10. Nd5 Bg7 11. g3 f5 12. Bg2 fxe4 13. Bxe4 Be6 14. Qh5 Rc8 15. c3 Ne7 16. Rd1 Rc5 17. Nb4 Qb6 18. Qg5 Kf8 19. Qe3 f5 20. Bg2 e4 21. 0-0 a5 22. Nd3 Rc6 23. Nf4 Bxa2 24. Nc2 Qxe3 25. Nxe3 Bb3 26. Rd2 Bh6 27. Bh3 Rg8 28. Kh1 Bxf4 29. gxf4 Be6 30. Ra1 a4 31. Bf1 Rb6 32. c4 bxc4 33. Bxc4 d5 34. Bxd5 Nxd5 35. Nxd5 Bxd5 36. Rxd5 Rxb2 37. Rxf5+ Ke7 38. Re5+ Kf6 1/2-1/2

[Event "CZE-chT2B 1617"]
[Site "Czech Republic"]
[Date "2017.01.29"]
[Round "7.2"]
[White "Gregor, Jiri"]
[Black "Bargel, Martin"]
[Result "0-1"]
[WhiteElo "2212"]
[BlackElo "2180"]
[PlyCount "62"]
[EventDate "2016.10.09"]
[EventType "team-tourn"]
[EventRounds "11"]
[EventCountry "CZE"]
[SourceTitle "EXT 2022"]
[Source "ChessBase"]
[SourceDate "2021.10.06"]
[SourceVersion "1"]
[SourceVersionDate "2021.10.06"]
[SourceQuality "1"]
[WhiteTeam "Litomerice"]
[BlackTeam "Bakov nad Jizerou"]
[WhiteTeamCountry "CZE"]
[BlackTeamCountry "CZE"]

1. d4 Nf6 2. c4 e6 3. Nc3 d5 4. Nf3 c6 5. Bg5 Nbd7 6. e3 Qa5 7. cxd5 Nxd5 8. Qd2 Bb4 9. Rc1 e5 10. Bd3 h6 11. Bh4 exd4 12. exd4 0-0 13. 0-0 N7b6 14. Bb1 f5 15. Qc2 Bxc3 16. bxc3 Nc4 17. Qe2 b5 18. Bd3 g5 19. Bxg5 hxg5 20. Nxg5 Qc7 21. Rfe1 Qg7 22. h4 Bd7 23. Bxc4 bxc4 24. Ne6 Bxe6 25. Qxe6+ Qf7 26. Qxc6 Rac8 27. Qh6 Qf6 28. Qh5 Nf4 29. Qf3 Nd3 30. Qd5+ Qf7 31. Re6 Nf4 0-1

[Event "Tatry op"]
[Site "Tatranske Zruby"]
[Date "2016.10.01"]
[Round "9"]
[White "Bargel, Martin"]
[Black "Franzen, Jozef"]
[Result "1-0"]
[WhiteElo "2143"]
[BlackElo "2255"]
[PlyCount "101"]
[EventDate "2016.09.24"]
[EventType "swiss"]
[EventRounds "9"]
[EventCountry "SVK"]
[SourceTitle "CBM 174 Extra"]
[Source "ChessBase"]
[SourceDate "2016.10.10"]
[SourceVersion "1"]
[SourceVersionDate "2016.10.10"]
[SourceQuality "1"]

1. e4 e5 2. Nf3 Nc6 3. Bb5 a6 4. Ba4 Nf6 5. 0-0 Be7 6. Re1 b5 7. Bb3 d6 8. c3 0-0 9. h3 Nb8 10. d4 Nbd7 11. Nbd2 Bb7 12. Bc2 Re8 13. Nf1 Bf8 14. Ng3 g6 15. b3 Bg7 16. d5 Nb6 17. Qe2 c6 18. dxc6 Bxc6 19. c4 bxc4 20. bxc4 Qc7 21. Be3 Nbd7 22. Nd2 Nc5 23. f3 Ne6 24. Qf2 Nd7 25. Ne2 Rab8 26. Reb1 Ndc5 27. Nb3 Na4 28. Qe1 Rf8 29. Qd2 Rfc8 30. Bd1 f5 31. Na5 Bd7 32. Bxa4 Bxa4 33. Qd5 Kf7 34. Nc3 Be8 35. Rb7 Rxb7 36. Qxb7 Qxb7 37. Nxb7 Bf8 38. Na5 Be7 39. Rb1 Bd8 40. Nb7 Bc7 41. Nd5 Bb8 42. Nb6 Rc6 43. Na5 Rc7 44. Nd5 Ba7 45. Bxa7 Rxa7 46. Rb6 fxe4 47. Nb7 exf3 48. Nxd6+ Kf8 49. Nxe8 Kxe8 50. Rxe6+ Kf7 51. Rf6+ 1-0

[Event "Tatry op"]
[Site "Tatranske Zruby"]
[Date "2016.09.25"]
[Round "2"]
[White "Bargel, Martin"]
[Black "Marczuk, Dominik"]
[Result "1-0"]
[WhiteElo "2143"]
[BlackElo "2267"]
[PlyCount "79"]
[EventDate "2016.09.24"]
[EventType "swiss"]
[EventRounds "9"]
[EventCountry "SVK"]
[SourceTitle "CBM 174 Extra"]
[Source "ChessBase"]
[SourceDate "2016.10.10"]
[SourceVersion "1"]
[SourceVersionDate "2016.10.10"]
[SourceQuality "1"]

1. e4 c5 2. Nf3 d6 3. d4 cxd4 4. Nxd4 Nf6 5. Nc3 a6 6. Bg5 Nbd7 7. g4 Qb6 8. Nb3 Ne5 9. Bxf6 gxf6 10. Nd5 Qd8 11. f4 Nc6 12. Qf3 e6 13. Ne3 b5 14. 0-0-0 Qb6 15. h4 a5 16. c3 Bb7 17. f5 Be7 18. fxe6 fxe6 19. g5 a4 20. Nd4 Nxd4 21. Rxd4 f5 22. Qh5+ Kd7 23. Bg2 a3 24. Qe2 f4 25. Ng4 Qc5 26. Kb1 axb2 27. Qxb2 Rhc8 28. Rc1 Ke8 29. e5 Bxg2 30. exd6 Qf5+ 31. Rc2 Bxd6 32. Rxd6 Ke7 33. Rd4 Bd5 34. Qb4+ Ke8 35. Nf6+ Kf7 36. Nxd5 e5 37. Qe7+ Kg6 38. Qd6+ Kh5 39. Qh6+ Kg4 40. Ne3+ 1-0

[Event "CZE-chT2B 1516"]
[Site "Czech Republic"]
[Date "2016.04.03"]
[Round "10.4"]
[White "Hrbolka, Ladislav"]
[Black "Bargel, Martin"]
[Result "1-0"]
[WhiteElo "2104"]
[BlackElo "2151"]
[PlyCount "57"]
[EventDate "2015.10.18"]
[EventType "team-tourn"]
[EventRounds "11"]
[EventCountry "CZE"]
[SourceTitle "EXT 2022"]
[Source "ChessBase"]
[SourceDate "2021.10.06"]
[SourceVersion "1"]
[SourceVersionDate "2021.10.06"]
[SourceQuality "1"]
[WhiteTeam "Most Chess"]
[BlackTeam "Neratovice II"]
[WhiteTeamCountry "CZE"]
[BlackTeamCountry "CZE"]

1. d4 Nf6 2. Nf3 c5 3. d5 e6 4. c4 exd5 5. cxd5 d6 6. Nc3 Be7 7. e4 Bg4 8. Qa4+ Nfd7 9. Be2 0-0 10. 0-0 Bf6 11. Qb3 Nb6 12. a4 a5 13. h3 Bxf3 14. Bxf3 c4 15. Qb5 Qc7 16. Be3 N8d7 17. Rfc1 Ra6 18. Be2 Rc8 19. b3 Nc5 20. bxc4 Bxc3 21. Rxc3 Nxe4 22. Rc2 Nc5 23. Bg4 Nbd7 24. Bxc5 Nxc5 25. Bxc8 Qxc8 26. Re2 Kf8 27. Rae1 Ra8 28. Qb6 Ra6 29. Qc7 1-0

[Event "CZE-chT2B 1516"]
[Site "Czech Republic"]
[Date "2016.02.21"]
[Round "8.4"]
[White "Richterova, Natasa"]
[Black "Bargel, Martin"]
[Result "0-1"]
[WhiteElo "2187"]
[BlackElo "2151"]
[PlyCount "104"]
[EventDate "2015.10.18"]
[EventType "team-tourn"]
[EventRounds "11"]
[EventCountry "CZE"]
[SourceTitle "EXT 2022"]
[Source "ChessBase"]
[SourceDate "2021.10.06"]
[SourceVersion "1"]
[SourceVersionDate "2021.10.06"]
[SourceQuality "1"]
[WhiteTeam "Jicin III"]
[BlackTeam "Neratovice II"]
[WhiteTeamCountry "CZE"]
[BlackTeamCountry "CZE"]

1. e4 c5 2. Nf3 Nc6 3. Bb5 g6 4. Bxc6 dxc6 5. h3 Bg7 6. d3 Nf6 7. Nc3 0-0 8. Be3 b6 9. Qd2 e5 10. Bh6 Re8 11. Bxg7 Kxg7 12. b3 Nh5 13. Ne2 Qf6 14. Nh2 Nf4 15. 0-0 h5 16. Nxf4 exf4 17. Nf3 g5 18. h4 g4 19. Nh2 Qe5 20. Rfe1 Ba6 21. Nf1 Re6 22. Rad1 Rd8 23. g3 Rf6 24. gxf4 Rxf4 25. Ng3 Kg6 26. Nf5 Kf6 27. Re3 Bc8 28. Ng3 Kg6 29. Ne2 Rf6 30. Rg3 Kh7 31. Qe3 Rf3 32. Rxf3 gxf3 33. Ng3 Rg8 34. Kf1 Bh3+ 35. Ke1 f5 36. d4 f4 37. Qxf3 cxd4 38. Qxh5+ Qxh5 39. Nxh5 Rg1+ 40. Kd2 Rxd1+ 41. Kxd1 Bg4+ 42. Kd2 Bxh5 43. Kd3 c5 44. a3 Kg7 45. b4 Kf6 46. bxc5 bxc5 47. Kc4 Ke5 48. Kxc5 Bd1 49. Kc4 Kxe4 50. Kb3 d3 51. Kc3 dxc2 52. Kd2 Kf5 0-1

[Event "CZE-chT1W 1516"]
[Site "Czech Republic"]
[Date "2016.01.31"]
[Round "7.7"]
[White "Bargel, Martin"]
[Black "Slovak, Kilian"]
[Result "1-0"]
[WhiteElo "2119"]
[BlackElo "2080"]
[PlyCount "117"]
[EventDate "2015.10.11"]
[EventType "team-tourn"]
[EventRounds "11"]
[EventCountry "CZE"]
[SourceTitle "CBM 170 Extra"]
[Source "ChessBase"]
[SourceDate "2016.02.25"]
[SourceVersion "1"]
[SourceVersionDate "2016.02.25"]
[SourceQuality "1"]
[WhiteTeam "Neratovice"]
[BlackTeam "Praha Kobylisy"]
[WhiteTeamCountry "CZE"]
[BlackTeamCountry "CZE"]

1. e4 c5 2. Nf3 d6 3. d4 cxd4 4. Nxd4 Nf6 5. Nc3 g6 6. Be3 Bg7 7. Be2 0-0 8. Qd2 Nc6 9. 0-0-0 Ng4 10. Bxg4 Bxg4 11. f3 Bd7 12. Kb1 Ne5 13. b3 Re8 14. h4 Qa5 15. h5 Rac8 16. Nd5 Qxd2 17. Rxd2 e6 18. Nf4 g5 19. Nfe2 h6 20. c4 d5 21. Nb5 Bxb5 22. cxb5 dxe4 23. fxe4 b6 24. Rhd1 Bf6 25. Bd4 Rc7 26. Bb2 Rec8 27. Nd4 Bg7 28. Rc2 Rc5 29. Ba3 Rxc2 30. Nxc2 Bf6 31. Bb2 Kf8 32. Nb4 Bh8 33. a4 Ke7 34. Bxe5 Bxe5 35. Nc6+ Kf6 36. Rf1+ Bf4 37. g3 e5 38. gxf4 exf4 39. Rd1 g4 40. Rd5 f3 41. Rf5+ Ke6 42. Kc2 Rg8 43. Kd3 f6 44. Kc3 Rg7 45. Nd4+ Ke7 46. Rf4 Rg5 47. Nf5+ Ke6 48. Ng3 Rc5+ 49. Kd2 Rg5 50. Rf5 Rg7 51. Ke3 Rc7 52. Kf4 Rg7 53. Nf1 g3 54. Nxg3 f2 55. Kf3 Rc7 56. Kxf2 Rc3 57. Rf3 Rc2+ 58. Ke3 Rc3+ 59. Kf4 1-0